Normal view
MARC view
Entry Personal Name
001 - CONTROL NUMBER
- control field: 84183
003 - CONTROL NUMBER IDENTIFIER
- control field: dpl
005 - DATE AND TIME OF LATEST TRANSACTION
- control field: 20250821121836.0
008 - FIXED-LENGTH DATA ELEMENTS
- fixed length control field: 250821|| aca||aabn | a|a d
040 ## - CATALOGING SOURCE
- Original cataloging agency: dpl
- Transcribing agency: dpl
100 ## - HEADING--PERSONAL NAME
- Personal name: Snell, J. Laurie
670 ## - SOURCE DATA FOUND
- Source citation: Work cat.: (dpl)213073: Grinstead, Charles M [Author] 84181, Probability tales/, 2025
